000 00359nam a2200145Ia 4500
008 090122s9999 xx 000 0 und d
082 _b4376
_a891.463
100 _aराजे
_bशैलजा
245 _aरिंगण
600 _aराजे
630 _aरिंगण
700 _aराजे
730 _aरिंगण
942 _cBOOK
999 _c28454
_d28454